[Event "1. Bundesliga 2014/2015"]
[Site "Feffernitz, St. Veit/Glan, Mayrhofen"]
[Date "2014.11.22"]
[Round "3"]
[Board "2"]
[White "Skoberne, Jure"]
[Black "Nisipeanu, Liviu-Dieter"]
[Result "1-0"]
[WhiteElo "2555"]
[BlackElo "2651"]
[PlyCount "61"]
[EventDate "2014.11.20"]
[EventType "team"]
[EventRounds "11"]
[EventCountry "AUT"]
[WhiteTeam "SV Raika Rapid Feffernitz"]
[BlackTeam "Sparkasse Jenbach"]

1.Nf3 d5 2.g3 Nd7 3.d4 Nb6 4.Bg2 h6 5.Ne5 Nf6 6.O-O Bf5 7.c4 e6 8.Nc3 c6 9.Qb3 dxc4
10.Nxc4 Qxd4 11.Na5 O-O-O 12.Nxb7 Kxb7 13.Rd1 Qxd1+ 14.Nxd1 Be4 15.Nc3 Bxg2 16.Kxg2
Nfd5 17.e4 Nxc3 18.Qxc3 f5 19.f3 fxe4 20.fxe4 Rh7 21.a4 g5 22.a5 Nc8 23.Be3 Rc7 24.Qb3+
Ka8 25.Qxe6 Nd6 26.Rd1 Re8 27.Qg6 Rg7 28.Qxh6 Rb7 29.Qf6 Nc4 30.Qxc6 Nxe3+ 31.Kf3 1-0

[Event "1. Bundesliga 2014/2015"]
[Site "Feffernitz, St. Veit/Glan, Mayrhofen"]
[Date "2014.11.22"]
[Round "3"]
[Board "3"]
[White "Schlosser, Philipp"]
[Black "Schreiner, Peter"]
[Result "1-0"]
[WhiteElo "2571"]
[BlackElo "2435"]
[PlyCount "83"]
[EventDate "2014.11.20"]
[EventType "team"]
[EventRounds "11"]
[EventCountry "AUT"]
[WhiteTeam "Sparkasse Jenbach"]
[BlackTeam "SV Raika Rapid Feffernitz"]

1.Nf3 Nf6 2.c4 g6 3.Nc3 d5 4.cxd5 Nxd5 5.Qb3 Nb6 6.d4 Bg7 7.e4 Bg4 8.Bb5+ c6 9.Ng5
O-O 10.Be2 Bxe2 11.Nxe2 h6 12.Nf3 c5 13.dxc5 N6d7 14.Qxb7 Qa5+ 15.Bd2 Qa6 16.c6 Qxc6
17.Qxc6 Nxc6 18.Rc1 Rfc8 19.b3 Nde5 20.O-O Nxf3+ 21.gxf3 Ne5 22.Kg2 Nd3 23.Rxc8+ Rxc8
24.Be3 Rc2 25.Nc1 Nxc1 26.Rxc1 Rxa2 27.Rc8+ Kh7 28.Rc7 Rb2 29.Rxe7 Kg8 30.Rb7 a5 31.Rb5
Bc3 32.Kg3 h5 33.f4 Ra2 34.Rb8+ Kh7 35.Rf8 f6 36.Rc8 Ba1 37.Rc4 Re2 38.Kf3 Rb2 39.Ra4
Rb1 40.Rxa5 Bc3 41.Rb5 f5 42.e5 1-0

[Event "1. Bundesliga 2014/2015"]
[Site "Feffernitz, St. Veit/Glan, Mayrhofen"]
[Date "2014.11.22"]
[Round "3"]
[Board "4"]
[White "Diermair, Andreas"]
[Black "Shengelia, David"]
[Result "0-1"]
[WhiteElo "2463"]
[BlackElo "2560"]
[PlyCount "110"]
[EventDate "2014.11.20"]
[EventType "team"]
[EventRounds "11"]
[EventCountry "AUT"]
[WhiteTeam "SV Raika Rapid Feffernitz"]
[BlackTeam "Sparkasse Jenbach"]

1.d4 d5 2.c4 e6 3.Nf3 Bb4+ 4.Nbd2 dxc4 5.a3 Be7 6.Nxc4 Nf6 7.g3 b6 8.Bg2 Bb7 9.O-O
O-O 10.b4 Bd5 11.Qc2 a5 12.bxa5 b5 13.Ncd2 Rxa5 14.Bb2 Nbd7 15.e4 Bb7 16.Rfe1 Qa8
17.Qc3 Rc8 18.d5 exd5 19.e5 Ne8 20.Bh3 Nf8 21.Bxc8 Bxc8 22.Nd4 c5 23.Nc6 Qxc6 24.Qxa5
d4 25.Ne4 Bb7 26.a4 b4 27.Qb5 Qc8 28.Rac1 Ne6 29.a5 N8c7 30.Qa4 Qa8 31.f3 Bc6 32.Qa2
Bd5 33.Qa4 c4 34.Qd7 Bf8 35.Nd6 c3 36.Qxf7+ Kh8 37.Ba1 Bxf3 38.Rf1 Bh1 39.Rf2 h6 40.Qg6
Ng5 41.Nf7+ Nxf7 42.Qxf7 Bc5 43.Qxc7 Ba7 44.h4 d3 45.Kh2 Bxf2 46.Rxh1 d2 47.Rb1 Qe4
48.Rd1 Qf3 49.e6 Bxg3+ 50.Qxg3 Qxd1 51.Qd3 Qg4 52.Qd8+ Kh7 53.Qd3+ Qg6 54.Qe2 Qc2
55.e7 d1=Q 0-1

[Event "1. Bundesliga 2014/2015"]
[Site "Feffernitz, St. Veit/Glan, Mayrhofen"]
[Date "2014.11.22"]
[Round "3"]
[Board "5"]
[White "Boensch, Uwe"]
[Black "Sebenik, Matej"]
[Result "1-0"]
[WhiteElo "2541"]
[BlackElo "2515"]
[PlyCount "87"]
[EventDate "2014.11.20"]
[EventType "team"]
[EventRounds "11"]
[EventCountry "AUT"]
[WhiteTeam "Sparkasse Jenbach"]
[BlackTeam "SV Raika Rapid Feffernitz"]

1.d4 d5 2.c4 c6 3.e3 Nf6 4.Nf3 Bf5 5.Bd3 Bxd3 6.Qxd3 e6 7.O-O Nbd7 8.Nc3 Bb4 9.Rd1
O-O 10.Bd2 a5 11.Rac1 Re8 12.Be1 Qb8 13.h3 h6 14.a3 Bxc3 15.bxc3 e5 16.Nd2 Qa7 17.Rb1
Qa6 18.Qf1 b6 19.cxd5 cxd5 20.Qxa6 Rxa6 21.Rb5 Raa8 22.Nf3 e4 23.Ne5 Nxe5 24.dxe5
Rxe5 25.c4 Re6 26.cxd5 Rd6 27.Bc3 Nd7 28.Bd4 Rc8 29.Rd2 Rc4 30.Kh2 Nc5 31.Be5 Rd7
32.Rxb6 Nd3 33.Bd6 Rc8 34.f3 f5 35.fxe4 fxe4 36.Ra6 Rcd8 37.Bg3 Rxd5 38.Rc2 Kh7 39.Rc7
Rg5 40.Bh4 Rdd5 41.Bxg5 Rxg5 42.Re7 Ne1 43.g4 Rb5 44.Raa7 1-0

[Event "1. Bundesliga 2014/2015"]
[Site "Feffernitz, St. Veit/Glan, Mayrhofen"]
[Date "2014.11.22"]
[Round "3"]
[Board "6"]
[White "Fauland, Alexander"]
[Black "Lehner, Oliver"]
[Result "1/2-1/2"]
[WhiteElo "2433"]
[BlackElo "2425"]
[PlyCount "80"]
[EventDate "2014.11.20"]
[EventType "team"]
[EventRounds "11"]
[EventCountry "AUT"]
[WhiteTeam "SV Raika Rapid Feffernitz"]
[BlackTeam "Sparkasse Jenbach"]

1.b3 e5 2.Bb2 Nc6 3.e3 Nf6 4.Bb5 Bd6 5.Na3 a6 6.Bxc6 dxc6 7.Nc4 Qe7 8.Ne2 O-O 9.Ng3
b5 10.Nxd6 cxd6 11.O-O Nd5 12.c4 bxc4 13.bxc4 Nb6 14.d3 f5 15.c5 dxc5 16.Qb3+ Be6
17.Nxf5 Rxf5 18.Qxb6 Qd6 19.Bc3 Rg5 20.f3 Bh3 21.Rf2 Qg6 22.Qb3+ c4 23.Qb2 cxd3 24.e4
Rd8 25.Rd1 Qe8 26.Rfd2 Rb8 27.Qc1 Qg6 28.g4 h5 29.Rxd3 hxg4 30.f4 Qxe4 31.Qc2 Qxf4
32.Bd2 Qf6 33.Bxg5 Qxg5 34.Qxc6 Rf8 35.Qd5+ Kh8 36.Qe4 Qf6 37.Qe2 Qb6+ 38.Qe3 Qf6
39.Qe2 Qb6+ 40.Qe3 Qf6 1/2-1/2

[Event "1. Bundesliga 2014/2015"]
[Site "Feffernitz, St. Veit/Glan, Mayrhofen"]
[Date "2014.11.22"]
[Round "3"]
[Board "1"]
[White "Ragger, Markus"]
[Black "Lovrinovic, Christian"]
[Result "1-0"]
[WhiteElo "2661"]
[BlackElo "2131"]
[PlyCount "87"]
[EventDate "2014.11.20"]
[EventType "team"]
[EventRounds "11"]
[EventCountry "AUT"]
[WhiteTeam "Schachclub MPOE Maria Saal"]
[BlackTeam "ASVOE Pamhagen"]

1.d4 Nf6 2.c4 g6 3.Nc3 Bg7 4.e4 d6 5.Nf3 O-O 6.Be2 e5 7.d5 a5 8.Be3 Ng4 9.Bg5 f6 10.Bd2
Nh6 11.h4 Nf7 12.h5 g5 13.Nh2 Nh6 14.g4 b6 15.Nf1 Na6 16.Ng3 Bd7 17.f3 Qe7 18.Be3
Rfb8 19.Kf2 Bf8 20.a3 Qe8 21.b3 Be7 22.Qc2 Kh8 23.Rab1 Nc5 24.b4 Nb7 25.Rhc1 Rc8 26.Nd1
Bf8 27.Kg2 Ra7 28.Nf2 axb4 29.axb4 Ra3 30.Nd3 Rca8 31.Rb2 R8a7 32.Rcb1 Ra8 33.Rc1
Be7 34.c5 dxc5 35.bxc5 Nxc5 36.Nxc5 Rxe3 37.Nxd7 Qxd7 38.Qxc7 Qxc7 39.Rxc7 Bc5 40.Rd2
Rd8 41.Rc6 Rd6 42.Rc2 Nf7 43.Nf5 Rb3 44.R2xc5 1-0

[Event "1. Bundesliga 2014/2015"]
[Site "Feffernitz, St. Veit/Glan, Mayrhofen"]
[Date "2014.11.22"]
[Round "3"]
[Board "2"]
[White "Vitouch, Anatol"]
[Black "Rapport, Richard"]
[Result "0-1"]
[WhiteElo "2336"]
[BlackElo "2709"]
[PlyCount "54"]
[EventDate "2014.11.20"]
[EventType "team"]
[EventRounds "11"]
[EventCountry "AUT"]
[WhiteTeam "ASVOE Pamhagen"]
[BlackTeam "Schachclub MPOE Maria Saal"]

1.g3 f5 2.c4 Nf6 3.Bg2 e5 4.d4 e4 5.Bg5 Bb4+ 6.Nc3 Bxc3+ 7.bxc3 O-O 8.h4 d6 9.Qb3
Nc6 10.Nh3 Na5 11.Qa4 b6 12.Nf4 Bd7 13.Qd1 h6 14.Bxf6 Qxf6 15.e3 Nxc4 16.Qb3 Qf7 17.h5
b5 18.g4 fxg4 19.Bxe4 Rae8 20.Bd5 Be6 21.Bxe6 Rxe6 22.O-O-O Re4 23.Nd3 a6 24.Qc2 g3
25.Nb2 Qxf2 26.Qxf2 Rxf2 27.Nxc4 bxc4 0-1

[Event "1. Bundesliga 2014/2015"]
[Site "Feffernitz, St. Veit/Glan, Mayrhofen"]
[Date "2014.11.22"]
[Round "3"]
[Board "3"]
[White "Predojevic, Borki"]
[Black "Hapala, Elisabeth"]
[Result "1-0"]
[WhiteElo "2618"]
[BlackElo "2074"]
[PlyCount "43"]
[EventDate "2014.11.20"]
[EventType "team"]
[EventRounds "11"]
[EventCountry "AUT"]
[WhiteTeam "Schachclub MPOE Maria Saal"]
[BlackTeam "ASVOE Pamhagen"]

1.d4 d5 2.Bf4 Nf6 3.e3 c5 4.c3 Nc6 5.Nd2 e6 6.Ngf3 Be7 7.Bd3 c4 8.Bc2 b5 9.O-O O-O
10.a3 Bb7 11.e4 a5 12.e5 Nd7 13.Re1 b4 14.Qb1 h6 15.Nf1 Na7 16.Ng3 Bc6 17.Qc1 Re8
18.Bxh6 g6 19.Qf4 Nf8 20.Nh5 Nh7 21.Qg4 Nf8 22.Bxf8 1-0

[Event "1. Bundesliga 2014/2015"]
[Site "Feffernitz, St. Veit/Glan, Mayrhofen"]
[Date "2014.11.22"]
[Round "3"]
[Board "4"]
[White "Bezuch, Martin"]
[Black "Kreisl, Robert"]
[Result "0-1"]
[WhiteElo "2238"]
[BlackElo "2421"]
[PlyCount "116"]
[EventDate "2014.11.20"]
[EventType "team"]
[EventRounds "11"]
[EventCountry "AUT"]
[WhiteTeam "ASVOE Pamhagen"]
[BlackTeam "Schachclub MPOE Maria Saal"]

1.Nf3 Nf6 2.g3 g6 3.Bg2 Bg7 4.O-O d5 5.d3 O-O 6.Nbd2 d4 7.e4 dxe3 8.fxe3 c5 9.Nb3
Qc7 10.Nfd2 Bg4 11.Qe1 Nbd7 12.Nc4 Rab8 13.Qa5 b6 14.Qa6 b5 15.Qa5 Qc8 16.Na3 a6 17.c4
b4 18.Nc2 Be2 19.Ne1 Bxf1 20.Bxf1 Ne8 21.a3 bxa3 22.Rxa3 Nd6 23.Nf3 Rb6 24.Nfd2 Nb7
25.Qa4 Nb8 26.Ra2 Nc6 27.Ra1 Nb4 28.d4 Nc2 29.Nxc5 Nxe3 30.Ncb3 Nxf1 31.Nxf1 Qf5 32.c5
Rxb3 33.Qxb3 Bxd4+ 34.Be3 Nxc5 35.Qc4 Bxe3+ 36.Nxe3 Qe5 37.Nd5 e6 38.Qxc5 exd5 39.Rd1
Rb8 40.b4 Rb5 41.Qd4 Qxd4+ 42.Rxd4 f5 43.Kf2 Kf7 44.Ke3 Ke6 45.g4 fxg4 46.Rxg4 Kf5
47.Rd4 a5 48.bxa5 Rxa5 49.Rb4 Ke5 50.Kf3 Ra2 51.h4 Ra3+ 52.Kg2 h5 53.Kf2 Ra2+ 54.Kf3
Ra3+ 55.Kf2 Rh3 56.Kg2 Re3 57.Rb8 Re4 58.Rg8 Rxh4 0-1

[Event "1. Bundesliga 2014/2015"]
[Site "Feffernitz, St. Veit/Glan, Mayrhofen"]
[Date "2014.11.22"]
[Round "3"]
[Board "5"]
[White "Tratar, Marko"]
[Black "Kuthan, Andreas"]
[Result "1-0"]
[WhiteElo "2475"]
[BlackElo "2240"]
[PlyCount "39"]
[EventDate "2014.11.20"]
[EventType "team"]
[EventRounds "11"]
[EventCountry "AUT"]
[WhiteTeam "Schachclub MPOE Maria Saal"]
[BlackTeam "ASVOE Pamhagen"]

1.d4 Nf6 2.c4 g6 3.Nc3 Bg7 4.e4 d6 5.Nf3 O-O 6.Be2 e5 7.O-O exd4 8.Nxd4 Re8 9.f3 c6
10.Kh1 Nbd7 11.Bg5 Qb6 12.Nb3 a5 13.Qd2 a4 14.Be3 Qd8 15.Nd4 Nc5 16.Rfd1 Nfd7 17.Rab1
Be5 18.f4 Bg7 19.Bf3 Nf8 20.Nxc6 1-0

[Event "1. Bundesliga 2014/2015"]
[Site "Feffernitz, St. Veit/Glan, Mayrhofen"]
[Date "2014.11.22"]
[Round "3"]
[Board "6"]
[White "Prinzjakowitsch, Bernhard"]
[Black "Halvax, Georg"]
[Result "0-1"]
[WhiteElo "2178"]
[BlackElo "2343"]
[PlyCount "96"]
[EventDate "2014.11.20"]
[EventType "team"]
[EventRounds "11"]
[EventCountry "AUT"]
[WhiteTeam "ASVOE Pamhagen"]
[BlackTeam "Schachclub MPOE Maria Saal"]

1.d4 d5 2.Nf3 Nf6 3.c4 e6 4.Bg5 Nbd7 5.Nc3 Bb4 6.Qb3 c5 7.e3 Qa5 8.Bxf6 Nxf6 9.Nd2
Bd7 10.a3 Bxc3 11.Qxc3 Qxc3 12.bxc3 Rc8 13.Rb1 Rc7 14.Bd3 Ke7 15.O-O Rhc8 16.cxd5
exd5 17.Nf3 cxd4 18.cxd4 Rc3 19.Ne5 b6 20.Ba6 R8c7 21.Nxd7 Kxd7 22.a4 Ne4 23.Rfe1
Ra3 24.f3 Nd6 25.Ra1 Rcc3 26.Rxa3 Rxa3 27.Bb5+ Ke6 28.Kf2 Rb3 29.Ra1 Rb2+ 30.Kg3 Nf5+
31.Kf4 Rxg2 32.Bd7+ Kxd7 33.Kxf5 Rxh2 34.e4 dxe4 35.fxe4 Rh5+ 36.Kf4 Ra5 37.d5 Kd6
38.Rg1 g6 39.Kg5 Rxa4 40.Re1 Ra2 41.Kh6 Rf2 42.Kxh7 g5 43.Ra1 Re2 44.Kg7 Rxe4 45.Kxf7
a5 46.Kf6 Kxd5 47.Kxg5 Kc5 48.Kf5 Re8 0-1

[Event "1. Bundesliga 2014/2015"]
[Site "Feffernitz, St. Veit/Glan, Mayrhofen"]
[Date "2014.11.22"]
[Round "3"]
[Board "1"]
[White "Rozentalis, Eduardas"]
[Black "Postny, Evgeny"]
[Result "1-0"]
[WhiteElo "2549"]
[BlackElo "2645"]
[PlyCount "81"]
[EventDate "2014.11.20"]
[EventType "team"]
[EventRounds "11"]
[EventCountry "AUT"]
[WhiteTeam "SK Hohenems"]
[BlackTeam "SIR Royal Salzburg"]

1.e4 c6 2.d4 d5 3.Nc3 dxe4 4.Nxe4 Bf5 5.Ng3 Bg6 6.Nh3 Nf6 7.c3 e6 8.Nf4 Bd6 9.h4 Bxf4
10.Bxf4 h6 11.h5 Bh7 12.Bd3 Bxd3 13.Qxd3 O-O 14.O-O-O b5 15.f3 Nd5 16.Bd2 Nd7 17.Ne4
f5 18.Nf2 c5 19.g4 cxd4 20.cxd4 Qc7+ 21.Kb1 Qc4 22.Rc1 Qxd3+ 23.Nxd3 Rac8 24.Nc5 Nxc5
25.Rxc5 fxg4 26.fxg4 Rxc5 27.dxc5 Rf2 28.Rd1 Kf7 29.c6 Ke7 30.Bc3 Nxc3+ 31.bxc3 Rf4
32.Rd7+ Kf6 33.Rxa7 Rxg4 34.c7 Rc4 35.Kb2 g5 36.hxg6 Kxg6 37.Kb3 Rc6 38.Kb4 h5 39.Kxb5
Rxc3 40.Kb6 h4 41.Ra8 1-0

[Event "1. Bundesliga 2014/2015"]
[Site "Feffernitz, St. Veit/Glan, Mayrhofen"]
[Date "2014.11.22"]
[Round "3"]
[Board "2"]
[White "Bromberger, Stefan"]
[Black "Martinovic, Sasa"]
[Result "1-0"]
[WhiteElo "2544"]
[BlackElo "2520"]
[PlyCount "87"]
[EventDate "2014.11.20"]
[EventType "team"]
[EventRounds "11"]
[EventCountry "AUT"]
[WhiteTeam "SIR Royal Salzburg"]
[BlackTeam "SK Hohenems"]

1.e4 e6 2.d4 d5 3.Nc3 Bb4 4.e5 b6 5.a3 Bxc3+ 6.bxc3 Qd7 7.Qg4 f5 8.Qg3 Ba6 9.Bxa6
Nxa6 10.Ne2 Kf7 11.a4 Ne7 12.h4 c5 13.h5 h6 14.Nf4 Rhc8 15.O-O cxd4 16.cxd4 Rxc2 17.Ba3
Rc4 18.Rfc1 Rac8 19.Rxc4 Rxc4 20.Bxe7 Qxe7 21.a5 b5 22.Qg6+ Kg8 23.Nxd5 Qf7 24.Nf4
Qxg6 25.hxg6 Nc7 26.Rd1 Kf8 27.g3 Rc6 28.Kg2 Nd5 29.Nxd5 exd5 30.Kf3 Ke7 31.Kf4 Ke6
32.Rd3 Rc2 33.Ke3 f4+ 34.Kxf4 Rxf2+ 35.Kg4 Kd7 36.a6 Rf8 37.Rb3 Rb8 38.Rf3 Kc6 39.Rf7
Kb6 40.e6 Kxa6 41.e7 Re8 42.Rxg7 b4 43.Rf7 b3 44.g7 1-0

[Event "1. Bundesliga 2014/2015"]
[Site "Feffernitz, St. Veit/Glan, Mayrhofen"]
[Date "2014.11.22"]
[Round "3"]
[Board "3"]
[White "Atlas, Valery"]
[Black "Mons, Leon"]
[Result "1/2-1/2"]
[WhiteElo "2433"]
[BlackElo "2446"]
[PlyCount "93"]
[EventDate "2014.11.20"]
[EventType "team"]
[EventRounds "11"]
[EventCountry "AUT"]
[WhiteTeam "SK Hohenems"]
[BlackTeam "SIR Royal Salzburg"]

1.e4 e5 2.Nf3 Nc6 3.Bc4 Bc5 4.c3 Nf6 5.d3 a6 6.h3 Ba7 7.O-O d6 8.Bb3 O-O 9.Re1 h6
10.Nbd2 Be6 11.Nf1 Re8 12.N3h2 d5 13.Qf3 a5 14.Ba4 Rb8 15.Bb5 d4 16.Ng3 Bc5 17.Nf5
Bf8 18.g4 Nd7 19.Bxc6 bxc6 20.c4 Nc5 21.Qg3 Bxf5 22.gxf5 Kh7 23.Kh1 Be7 24.Rg1 Rg8
25.b3 a4 26.b4 Rxb4 27.Ba3 Rb6 28.Qxe5 f6 29.Qg3 Bd6 30.f4 Nd7 31.Bxd6 cxd6 32.Rab1
Qe7 33.Rxb6 Nxb6 34.Nf3 c5 35.Rb1 Rb8 36.Qe1 Qa7 37.a3 Nd7 38.Rb5 Rxb5 39.cxb5 c4
40.dxc4 Qc5 41.Qc1 Nb6 42.Qg1 Qxa3 43.Qg6+ Kg8 44.Qe8+ Kh7 45.Qg6+ Kg8 46.Qe8+ Kh7
47.Qg6+ 1/2-1/2

[Event "1. Bundesliga 2014/2015"]
[Site "Feffernitz, St. Veit/Glan, Mayrhofen"]
[Date "2014.11.22"]
[Round "3"]
[Board "4"]
[White "Geske, Julian"]
[Black "Froewis, Georg"]
[Result "1/2-1/2"]
[WhiteElo "2401"]
[BlackElo "2434"]
[PlyCount "129"]
[EventDate "2014.11.20"]
[EventType "team"]
[EventRounds "11"]
[EventCountry "AUT"]
[WhiteTeam "SIR Royal Salzburg"]
[BlackTeam "SK Hohenems"]

1.e4 e6 2.d4 d5 3.Nd2 Nc6 4.Ngf3 Nf6 5.e5 Nd7 6.Be2 f6 7.exf6 Qxf6 8.Nf1 Bd6 9.Ne3
O-O 10.O-O Qg6 11.c3 Nf6 12.Bd3 Qh5 13.Re1 Bd7 14.Nf1 Ng4 15.h3 Nxf2 16.Kxf2 e5 17.dxe5
Nxe5 18.Rxe5 Bxe5 19.Be2 c6 20.Kg1 Bc7 21.Be3 Rae8 22.Nd4 Qh4 23.Qd2 Qe7 24.Re1 Qd6
25.b4 b6 26.Bf3 Qg6 27.Kh1 Kh8 28.Bd1 Qf6 29.Nf3 Bf5 30.Bd4 Qf7 31.Ne5 Bxe5 32.Bxe5
Be4 33.Bd4 Bd3 34.Ng3 Bg6 35.Rxe8 Rxe8 36.Bf3 Qe7 37.Nh5 Qe1+ 38.Qxe1 Rxe1+ 39.Kh2
Kg8 40.Nf4 Be4 41.Bxe4 Rxe4 42.Kg3 g5 43.Nd3 Re2 44.a3 Ra2 45.Ne5 Rxa3 46.Nxc6 Kf7
47.Kg4 a5 48.bxa5 bxa5 49.Kxg5 a4 50.Nb4 Ke6 51.Kh6 Rb3 52.Kxh7 Rb2 53.g4 a3 54.g5
a2 55.Nxa2 Rxa2 56.g6 Rh2 57.g7 Rxh3+ 58.Kg6 Rg3+ 59.Kh7 Kf7 60.Kh6 Rg2 61.Kh5 Kg8
62.Kh6 Rg4 63.Kh5 Rg2 64.Kh6 Kf7 65.Kh5 1/2-1/2

[Event "1. Bundesliga 2014/2015"]
[Site "Feffernitz, St. Veit/Glan, Mayrhofen"]
[Date "2014.11.22"]
[Round "3"]
[Board "5"]
[White "Kessler, Luca"]
[Black "Schramm, Christian"]
[Result "0-1"]
[WhiteElo "2324"]
[BlackElo "2397"]
[PlyCount "98"]
[EventDate "2014.11.20"]
[EventType "team"]
[EventRounds "11"]
[EventCountry "AUT"]
[WhiteTeam "SK Hohenems"]
[BlackTeam "SIR Royal Salzburg"]

1.d4 Nf6 2.c4 d6 3.Nc3 Nbd7 4.e4 e5 5.Nf3 Be7 6.Be2 O-O 7.O-O c6 8.Be3 Re8 9.d5 c5
10.Ne1 Nf8 11.Nd3 Ng6 12.Rb1 Rf8 13.b4 b6 14.g3 Bh3 15.Re1 Qc8 16.bxc5 bxc5 17.f3
h5 18.Qb3 Bd8 19.Qb7 Qxb7 20.Rxb7 Ba5 21.Rb3 Rfb8 22.Reb1 Rxb3 23.Rxb3 Bd7 24.Nb5
Ne8 25.f4 a6 26.Nxd6 Nxd6 27.Nxc5 Bg4 28.Bd3 f5 29.Kg2 exf4 30.gxf4 fxe4 31.Nxe4 Nf5
32.Bc1 Bc7 33.h3 Ngh4+ 34.Kf2 Bxh3 35.c5 Bg4 36.d6 Bd8 37.Bb2 Ng6 38.Bc4+ Kh7 39.Bd5
Bh4+ 40.Kg1 Rf8 41.Be5 Nxe5 42.fxe5 Nd4 43.Rb7 Nf3+ 44.Kg2 Nxe5 45.c6 Nd3 46.Nf6+
Rxf6 47.Be4+ Kh6 48.d7 Nc5 49.d8=Q Rf2+ 0-1

[Event "1. Bundesliga 2014/2015"]
[Site "Feffernitz, St. Veit/Glan, Mayrhofen"]
[Date "2014.11.22"]
[Round "3"]
[Board "6"]
[White "Seyb, Alexander"]
[Black "Novkovic, Milan"]
[Result "1/2-1/2"]
[WhiteElo "2427"]
[BlackElo "2380"]
[PlyCount "60"]
[EventDate "2014.11.20"]
[EventType "team"]
[EventRounds "11"]
[EventCountry "AUT"]
[WhiteTeam "SIR Royal Salzburg"]
[BlackTeam "SK Hohenems"]

1.e4 e6 2.d4 d5 3.Nc3 Nf6 4.e5 Nfd7 5.f4 c5 6.Nf3 b6 7.Be3 Nc6 8.Qd2 Be7 9.Nd1 cxd4
10.Nxd4 Nxd4 11.Bxd4 O-O 12.Nf2 f6 13.exf6 Bxf6 14.Be2 Bxd4 15.Qxd4 Qc7 16.Nd3 Ba6
17.Rf1 Nc5 18.O-O-O Bxd3 19.Bxd3 Rac8 20.g3 Nxd3+ 21.Qxd3 Qc4 22.Qxc4 Rxc4 23.Rfe1
Rfc8 24.c3 R4c6 25.f5 exf5 26.Rxd5 Rf8 27.Re7 a6 28.Kc2 f4 29.gxf4 Rxf4 30.Rd8+ Rf8 1/2-1/2

[Event "1. Bundesliga 2014/2015"]
[Site "Feffernitz, St. Veit/Glan, Mayrhofen"]
[Date "2014.11.22"]
[Round "3"]
[Board "1"]
[White "Votava, Jan"]
[Black "Maksimenko, Andrei"]
[Result "1/2-1/2"]
[WhiteElo "2524"]
[BlackElo "2495"]
[PlyCount "60"]
[EventDate "2014.11.20"]
[EventType "team"]
[EventRounds "11"]
[EventCountry "AUT"]
[WhiteTeam "Mayrhofen/SK Zell/Zillertal"]
[BlackTeam "ASVOE Wulkaprodersdorf"]

1.d4 d5 2.c4 c6 3.Nf3 Nf6 4.Nbd2 Bf5 5.e3 Nbd7 6.Be2 h6 7.b4 e6 8.Qb3 Bd6 9.O-O O-O
10.Bb2 Ne4 11.Nxe4 Bxe4 12.c5 Bc7 13.b5 cxb5 14.Qxb5 Qc8 15.Nd2 Bg6 16.Bf3 Nb8 17.e4
Rd8 18.exd5 exd5 19.Rfe1 Nc6 20.Nf1 Bf5 21.Bc3 Qd7 22.a4 Rab8 23.Ne3 Be6 24.Qd3 b6
25.cxb6 Rxb6 26.a5 Rbb8 27.a6 Rb6 28.g3 Nb4 29.Bxb4 Rxb4 30.Qc3 Rbb8 1/2-1/2

[Event "1. Bundesliga 2014/2015"]
[Site "Feffernitz, St. Veit/Glan, Mayrhofen"]
[Date "2014.11.22"]
[Round "3"]
[Board "2"]
[White "Schneider, Ilja"]
[Black "Lanka, Zigurds"]
[Result "1/2-1/2"]
[WhiteElo "2495"]
[BlackElo "2422"]
[PlyCount "60"]
[EventDate "2014.11.20"]
[EventType "team"]
[EventRounds "11"]
[EventCountry "AUT"]
[WhiteTeam "ASVOE Wulkaprodersdorf"]
[BlackTeam "Mayrhofen/SK Zell/Zillertal"]

1.d4 e6 2.c4 Nf6 3.Nc3 Bb4 4.Qc2 c5 5.dxc5 O-O 6.Nf3 Na6 7.g3 Nxc5 8.Bg2 b6 9.O-O
Bxc3 10.Qxc3 Bb7 11.b3 Rc8 12.Bb2 Qe7 13.Rac1 Rfd8 14.Rfd1 h6 15.Qe3 d5 16.Bxf6 Qxf6
17.cxd5 Bxd5 18.Ne5 Bxg2 19.Kxg2 Rxd1 20.Rxd1 Rd8 21.Rd4 Rxd4 22.Qxd4 Nd7 23.Qxd7
Qxe5 24.Qe8+ Kh7 25.Qxf7 Qxe2 26.a4 Qe5 27.Qxa7 Qe4+ 28.Kg1 Qe1+ 29.Kg2 Qe4+ 30.Kg1
Qe1+ 1/2-1/2

[Event "1. Bundesliga 2014/2015"]
[Site "Feffernitz, St. Veit/Glan, Mayrhofen"]
[Date "2014.11.22"]
[Round "3"]
[Board "3"]
[White "Platzgummer, Fabian"]
[Black "Antal, Gergely"]
[Result "1/2-1/2"]
[WhiteElo "2332"]
[BlackElo "2510"]
[PlyCount "120"]
[EventDate "2014.11.20"]
[EventType "team"]
[EventRounds "11"]
[EventCountry "AUT"]
[WhiteTeam "Mayrhofen/SK Zell/Zillertal"]
[BlackTeam "ASVOE Wulkaprodersdorf"]

1.Nf3 Nf6 2.g3 g6 3.c4 c6 4.Bg2 Bg7 5.O-O d5 6.cxd5 cxd5 7.d4 O-O 8.Ne5 Ng4 9.Nxg4
Bxg4 10.Nc3 Nc6 11.h3 Bd7 12.e3 e6 13.b3 Re8 14.Bb2 Ne7 15.Qd2 Nf5 16.Rac1 Bf8 17.Rc2
a5 18.Rd1 a4 19.e4 Bh6 20.Qd3 Ne7 21.Nxa4 Rxa4 22.bxa4 Bxa4 23.Rb1 Bxc2 24.Qxc2 Bg7
25.Qb3 dxe4 26.Bxe4 b6 27.Bf3 h5 28.h4 Nf5 29.d5 e5 30.Qc2 Nd6 31.Bg2 b5 32.Ba3 Nf5
33.Qd3 Nd4 34.Bc5 Qa5 35.a3 Rc8 36.Bb4 Qd8 37.d6 Bf8 38.Bb7 Rb8 39.Bd5 Qf6 40.Bc5
Bxd6 41.Bxd4 exd4 42.Rxb5 Rxb5 43.Qxb5 Bxa3 44.Kg2 Kg7 45.Qd3 Bc5 46.Bc4 Qe7 47.Qf3
Bd6 48.Qd5 Be5 49.Bb3 Bf6 50.Bc4 Be5 51.Bb3 Qf6 52.Qf3 Bd6 53.Qxf6+ Kxf6 54.Bc4 Bb4
55.Kf3 Kg7 56.Ke2 f6 57.Bd5 Kh6 58.Bc4 g5 59.Bd3 Kg7 60.Bf5 Kh6 1/2-1/2

[Event "1. Bundesliga 2014/2015"]
[Site "Feffernitz, St. Veit/Glan, Mayrhofen"]
[Date "2014.11.22"]
[Round "3"]
[Board "4"]
[White "Thiede, Lars"]
[Black "Tabernig, Bernhard"]
[Result "1-0"]
[WhiteElo "2441"]
[BlackElo "2328"]
[PlyCount "71"]
[EventDate "2014.11.20"]
[EventType "team"]
[EventRounds "11"]
[EventCountry "AUT"]
[WhiteTeam "ASVOE Wulkaprodersdorf"]
[BlackTeam "Mayrhofen/SK Zell/Zillertal"]

1.g3 d5 2.Nf3 c6 3.b3 Bg4 4.Bg2 Nd7 5.Bb2 e6 6.O-O Ngf6 7.d3 Be7 8.e4 dxe4 9.dxe4
e5 10.Nbd2 Qc7 11.Nc4 Bxf3 12.Qxf3 b5 13.Ne3 g6 14.a4 b4 15.Nc4 O-O 16.Rad1 Rfe8 17.Bh3
Rad8 18.Rd3 Bf8 19.Rfd1 Bg7 20.Qe2 h5 21.Kg2 Kh7 22.f3 c5 23.Nxe5 Nxe5 24.Bxe5 Qxe5
25.Rxd8 Rxd8 26.Rxd8 h4 27.Rd1 Bh6 28.f4 Qxe4+ 29.Qxe4 Nxe4 30.Rd7 Kg8 31.Rxa7 c4
32.bxc4 Bf8 33.Bg4 hxg3 34.hxg3 Nd2 35.Be2 Bc5 36.Rb7 1-0

[Event "1. Bundesliga 2014/2015"]
[Site "Feffernitz, St. Veit/Glan, Mayrhofen"]
[Date "2014.11.22"]
[Round "3"]
[Board "5"]
[White "Kupfner, Franz"]
[Black "Wallner, Joachim"]
[Result "0-1"]
[WhiteElo "2200"]
[BlackElo "2331"]
[PlyCount "130"]
[EventDate "2014.11.20"]
[EventType "team"]
[EventRounds "11"]
[EventCountry "AUT"]
[WhiteTeam "Mayrhofen/SK Zell/Zillertal"]
[BlackTeam "ASVOE Wulkaprodersdorf"]

1.Nf3 d5 2.d4 Nf6 3.c4 c6 4.e3 Bg4 5.Nc3 e6 6.h3 Bh5 7.Be2 Nbd7 8.cxd5 exd5 9.Bd2
Bd6 10.Rc1 O-O 11.Qb3 Qb6 12.Qxb6 axb6 13.g4 Bg6 14.a3 Ne4 15.Nxe4 Bxe4 16.O-O b5
17.Nh4 h6 18.Nf5 Bxf5 19.gxf5 Rfe8 20.Kh1 Nf6 21.Bd3 Ne4 22.Be1 Be7 23.Rc2 Bf6 24.Bb4
Be7 25.Be1 Nd6 26.Re2 Nc4 27.Bxc4 bxc4 28.Bc3 b5 29.f3 Bxa3 30.bxa3 Rxa3 31.Bb4 Raxe3
32.Ra2 Rb3 33.Bc5 b4 34.Rg2 Kh8 35.Bd6 f6 36.Ra2 Ree3 37.Ra8+ Kh7 38.Ra7 Re8 39.Rb7
Rd3 40.Rg1 Rg8 41.Bf8 Rxf3 42.Bxb4 Rxh3+ 43.Kg2 Rh5 44.Rf1 Re8 45.Rf2 Re4 46.Bc5 Rg4+
47.Kf1 Rgg5 48.Rc7 Rxf5 49.Rxc6 Rxf2+ 50.Kxf2 Rf5+ 51.Kg3 g5 52.Rc7+ Kg6 53.Bd6 h5
54.Rc8 Kf7 55.Bc5 h4+ 56.Kh3 Rf3+ 57.Kg4 Rf4+ 58.Kh5 h3 59.Rc7+ Ke8 60.Kg6 h2 61.Re7+
Kd8 62.Re1 Kd7 63.Rh1 Rf2 64.Kh5 Rg2 65.Kg6 g4 0-1